Tratado de estomatología / (Record no. 66174)

MARC details
000 -LEADER
campo de control de longitud fija 00776nam a2200229 i 4500
001 - NÚMERO DE CONTROL
campo de control 66174
003 - IDENTIFICADOR DE NÚMERO DE CONTROL
campo de control ES-MaACL
005 - FECHA Y HORA DE LA ÚLTIMA TRANSACCIÓN
campo de control 20230906165547.0
007 - CAMPO FIJO DE DESCRIPCIÓN FÍSICA--INFORMACIÓN GENERAL
campo de control de longitud fija t|
008 - DATOS DE LONGITUD FIJA--INFORMACIÓN GENERAL
campo de control de longitud fija 040128m19141928sp |||| | spa d
100 1# - ENTRADA PRINCIPAL--NOMBRE DE PERSONA
Nombre de persona Gaillard, G.
9 (RLIN) 53248
245 10 - MENCIÓN DEL TÍTULO
Título Tratado de estomatología /
Mención de responsabilidad, etc. publicado por [G.] Gaillard y Nogué ; traducido y anotado por B. Landete y A. Chornet ; prólogo de Florestán Aguilar.
260 ## - PUBLICACIÓN, DISTRIBUCIÓN, ETC.
Lugar de publicación, distribución, etc. Valencia :
Nombre del editor, distribuidor, etc. [s.n.],
Fecha de publicación, distribución, etc. 1914-1928 (
Fabricante Tip. Moderna)
300 ## - DESCRIPCIÓN FÍSICA
Extensión 10 v. ;
Dimensiones 25 cm.
595 ## -
-- El v. 10 pertenece a la ed. francesa.
650 04 - PUNTO DE ACCESO ADICIONAL DE MATERIA--TÉRMINO DE MATERIA
Término de materia o nombre geográfico como elemento de entrada Estomatología.
9 (RLIN) 12557
700 1# - ENTRADA AGREGADA--NOMBRE PERSONAL
Nombre de persona Nogué, Raymond.
9 (RLIN) 85855
700 1# - ENTRADA AGREGADA--NOMBRE PERSONAL
Nombre de persona Landete, B.
9 (RLIN) 69949
700 1# - ENTRADA AGREGADA--NOMBRE PERSONAL
Nombre de persona Chornet, A.
9 (RLIN) 38620
700 1# - ENTRADA AGREGADA--NOMBRE PERSONAL
Nombre de persona Aguilar, Florestán.
9 (RLIN) 18691
852 ## - LOCALIZACIÓN
Ubicación ES-MaACL
Número de control de estantería C-8693-02
Holdings
Estatus retirado Estado de pérdida Estado de daño No para préstamo Biblioteca de origen Biblioteca actual Ubicación en estantería Fecha de adquisición Fuente de adquisición Total de préstamos Signatura topográfica completa Código de barras Visto por última vez Precio de reemplazo Tipo de ítem Koha
        Biblioteca del Ateneo de Madrid Biblioteca del Ateneo de Madrid Sala Palomar 17/01/2008     C-8693-02 1069332 23/02/2023 23/02/2023 Libro impreso